Canadian #1 Hits - Statistics

General Stats
  • This quiz has been taken 473 times
    41 since last reset
  • The average score is 43 of 61
Answer Stats
Year Song Artist % Correct
1999 I'm Your Angel Céline Dion
97%
1997/98 My Heart Will Go On Céline Dion
97%
1996 Because You Loved Me Céline Dion
97%
1994 The Power of Love Céline Dion
97%
2023 Die For You The Weeknd
97%
2021 Save Your Tears The Weeknd
97%
2020 Blinding Lights The Weeknd
97%
2019 Heartless The Weeknd
97%
2017 Starboy The Weeknd
97%
2015 Can't Feel My Face The Weeknd
97%
2015 The Hills The Weeknd
97%
2022 Wait for U Drake
95%
2022 Jimmy Cooks Drake
95%
2021 What's Next Drake
95%
2021 Way 2 Sexy Drake
95%
2020 Toosie Slide Drake
95%
2018 God's Plan Drake
95%
2018 Nice for What Drake
95%
2018 In My Feelings Drake
95%
2016 Work Drake
95%
2016 One Dance Drake
95%
2010 What's My Name? Drake
95%
2021 Peaches Justin Bieber
95%
2021 Stay Justin Bieber
95%
2020 Stuck With U Justin Bieber
95%
2017 I'm the One Justin Bieber
95%
2017 Despacito Justin Bieber
95%
2016 Sorry Justin Bieber
95%
2016 Love Yourself Justin Bieber
95%
2015 What Do You Mean? Justin Bieber
95%
2012 Call Me Maybe Carly Rae Jepsen
85%
2019 Señorita Shawn Mendes
79%
2007 Girlfriend Avril Lavigne
74%
1995 Have You Ever Really Loved a Woman? Bryan Adams
74%
1994 All for Love Bryan Adams
74%
1991 (Everything I Do) I Do It for You Bryan Adams
74%
1985 Heaven Bryan Adams
74%
2001,2002 How You Remind Me Nickelback
72%
2007 Say It Right Nelly Furtado
67%
2007 Give It To Me Nelly Furtado
67%
2006 Promiscuous Nelly Furtado
67%
2006 Bad Day Daniel Powter
51%
1998 One Week Barenaked Ladies
49%
2014 Rude Magic!
46%
1972 Heart of Gold Neil Young
46%
1990 Black Velvet Alannah Myles
41%
1974 You Ain't Seen Nothin' Yet Bachman-Turner Overdrive
41%
1993 Informer Snow
36%
1970 American Woman / No Sugar Tonight The Guess Who
36%
1974 (You're) Having My Baby Paul Anka
33%
1959 Lonely Boy Paul Anka
33%
1974 Seasons in the Sun Terry Jacks
33%
2025 What I Want Tate McRae
31%
1978 You Needed Me Anne Murray
26%
1974 Sundown Gordon Lightfoot
26%
2021 Peaches Daniel Caesar
23%
1978 Hot Child in the City Nick Gilder
23%
1974 Rock Me Gently Andy Kim
15%
1964 Ringo Lorne Greene
10%
1960 Theme from A Summer Place Percy Faith
10%
1989 When I'm with You Sheriff
5%
No matching quizzes found
Score Distribution
Percent of People with Each Score
Percentile by Number Answered
Your Score History
You have not taken this quiz since the last reset